| 000 | 00549nam a2200181 a 4500 | ||
|---|---|---|---|
| 001 | 000044908 | ||
| 005 | 20201002045724.0 | ||
| 008 | 150119s1993 dr a 000 0 spa d | ||
| 020 | _a8459908321 | ||
| 040 |
_aDO-SdBNP _bspa _cBNPHU |
||
| 082 |
_axxxxxx _bxxxxxx |
||
| 100 | 1 |
_aMelo De Cardona, Ligia Amada _927174 |
|
| 245 | 1 | 0 |
_aCiencias naturales : _b7 curso / _cLigia Amada Melo de Cardona , Antonio Monzo. |
| 250 | _a9a ed. | ||
| 260 |
_aSanto Domingo : _bDisesa, _c1993. |
||
| 300 |
_a247 p. : _bil. ; _c23 cm. |
||
| 700 | 1 |
_aMonzo, Antonio _950161 |
|
| 999 |
_c44397 _d44397 |
||